Hrboľatá cesta za divákom Sezóna 1995/96 v Divadle Andreja Bagara v Nitre

Bibliographic Details
Main Author: Lehuta, Emil, 1931-2006 (Author)
Format: Article
Language:Slovak
PhysicalDescription:Fotogr. 5
ISSN:1335-146X
Subjects:

MARC

LEADER 00000nab a2200000 a 4500
001 vtls000611070
003 SK-MaSNL
005 20260303234741.0
008 140301c1996 xo 0 slo
015 |a SNBRB19rr/mm-uuuuu 
035 |a CL0611209 
040 |a SNKBUCL  |b slo  |c SNKBUCL  |e AACR2 
041 0 |a slo 
044 |a xo  |c SK 
080 |a 792(437.6)  |2 1981 
100 1 |a Lehuta, Emil,  |d 1931-2006  |4 aut  |9 110640 
245 1 0 |a Hrboľatá cesta za divákom  |b Sezóna 1995/96 v Divadle Andreja Bagara v Nitre  |c Emil Lehuta 
300 |b Fotogr. 5 
610 2 7 |a Divadlo Andreja Bagara v Nitre  |2 SNKKA  |9 32093 
655 7 |a články z novín a časopisov  |2 snkbucl  |9 267496 
773 0 |t Teatro  |g Roč. 2, č. 9-10 (1996), s. 28-30  |x 1335-146X 
850 |a Slovenská národná knižnica v Martine  |a MTA001 
852 |a SNK  |b KIS3GCP 
958 |a NX 
958 |a SK 
958 |a RK 
992 |a RBX 
999 |c 2522455  |d 2524385